| 000 | 00387nam a2200121 4500 | ||
|---|---|---|---|
| 999 |
_c10599 _d10599 |
||
| 008 | 180907b ||||| |||| 00| 0 eng d | ||
| 100 |
_931011 _aDe Vera, Ellalyn B. |
||
| 245 |
_aPH businesses told: renewable energy a wise, ideal investment/ _cEllalyn B. De Vera |
||
| 260 |
_aPhilippines _bManila Bulletin _cc2016 |
||
| 300 | _apage 4. | ||
| 650 | 0 |
_931012 _aInvestments. |
|
| 942 |
_2ddc _cPER |
||